000 00495cam a2200193 4500
001 D1118
008 090401t1980 xxu||||| |||| 00| 0 eng d
035 _a(Sirsi) u62580
041 _aeng
050 _a526.982
100 _aAtkinson, K.B (ed)
245 _aDevelopments in close range photogrammetry - 1
260 _aLondon
_bApplied Science Publishers Ltd
_c1980
300 _axii. 222p. 23cm
350 _a18
490 _aThe Development Series
942 _n0
948 _c04/03/1997
999 _c94445
_d94445